¡Aquí está Heraclio Bernal!.. /

Guardat en:
Dades bibliogràfiques
Autor principal: Marín Tamayo, Fausto (autor)
Format: Llibre
Idioma:espanyol
Publicat: México : Populibros La Prensa, 1957, c1957
Etiquetes: Afegir etiqueta
Sense etiquetes, Sigues el primer a etiquetar aquest registre!

MARC

LEADER 00000nam^a2200000^a^4500
001 000441721
005 20250526000000.0
009 20260310123408.129
037 |a Acervo ITESO - Biblioteca 
041 |a ESP 
091 |a FHM. 10326 
100 |a Marín Tamayo, Fausto  |e (autor) 
245 1 0 |a ¡Aquí está Heraclio Bernal!.. / 
264 4 |a México :  |b Populibros La Prensa,  |c 1957, c1957 
300 |a 187 p. ;  |c 18.0 cm. 
336 |a texto  |b txt  |2 rdacontenido 
337 |a sin mediación  |b n  |2 rdamedio 
338 |a volumen  |b nc  |2 rdasoporte 
649 |a XX 
910 |a Fondo Hugo B. Margáin 
920 |a Impresos - Libros 
930 |a Libros Antiguos y Raros 
905 |a 126 
901 |a 0500313710  |b IT2  |c LRA  |i D119317  |u 20250526 
902 |a https://opac.biblio.iteso.mx/vufind/Record/000441721